Famosos por letra - J - Estadísticas

Estadísticas generales
  • Esta prueba ha sido intentada 71 veces
  • La puntuación promedio es 7 de 16
Estadísticas de respuestas
Imagen Respuesta % Correcto
Justin Bieber
97%
Jennifer Aniston
93%
Julio Iglesias
89%
Julia Roberts
87%
Jim Carrey
79%
Joe Jonas
75%
JK Rowling
64%
Juan Gabriel
39%
Jennifer Garner
30%
James Dean
25%
Jonathan Bailey
23%
Joe DiMaggio
8%
Jaime Camil
7%
Jaime Astrain
5%
Johannes Vermeer
3%
Judith Kerr
2%
No se encontraron pruebas coincidentes
Distribución de puntuación
Porcentaje de gente con cada puntuación
Porcentaje por número respondido
Historial de tus puntuaciones
No has intentado esta prueba.